banner koha

Development of Israeli mango cultivars in the Brazilian semiarid region (Registro n. 299952)

MARC details
000 -LÍDER
fixed length control field 03442nab a2200361 i 4500
003 - CÓDIGO MARC DA AGÊNCIA CATALOGADORA
Campo de controle BR-BrBNA
005 - DATA E HORA DA ÚLTIMA ATUALIZAÇÃO
Campo de controle 20240607100358.0
008 - CAMPO DE TAMANHO FIXO
fixed length control field 240607b2023 bl.ar|pooa||| 00| 0 eng |
040 ## - FONTE DA CATALOGAÇÃO
Agência catalogadora BR-BrBNA
Idioma da catalogação eng
072 ## - CATEGORIA AGRIS
Código AGRIS F01
Código do objeto 1120
100 ## - ENTRADA PRINCIPAL - NOME PESSOAL
Nome pessoal Andrade, Maria Jany Kátia Loiola
100 ## - ENTRADA PRINCIPAL - NOME PESSOAL
Nome pessoal Oliveira, Alexandre Santos de
100 ## - ENTRADA PRINCIPAL - NOME PESSOAL
Nome pessoal Santos, Walber Felix dos
100 ## - ENTRADA PRINCIPAL - NOME PESSOAL
Nome pessoal Silva, Luan dos Santos
100 ## - ENTRADA PRINCIPAL - NOME PESSOAL
Nome pessoal Cunha, Jenilton Gomes da
100 ## - ENTRADA PRINCIPAL - NOME PESSOAL
Nome pessoal Souto, Gustavo de Luna
100 ## - ENTRADA PRINCIPAL - NOME PESSOAL
Nome pessoal Cavalcante, Herbert Lucena
245 ## - TÍTULO PRINCIPAL
Título principal Development of Israeli mango cultivars in the Brazilian semiarid region
500 ## - NOTA GERAL
Nota geral <br/>Publicação on-line; 38 ref.; 3 tables; 3 illus.; Summaries (En, Pt)
942 ## - ADDED ENTRY ELEMENTS (KOHA)
Koha item type
520 ## - NOTA DE RESUMO
Nota de conteúdo <br/><br/>Abstract – The objective of this work was to evaluate the initial adaptive<br/>performance of Israeli mango tree cultivars grown in the submedian region<br/>of the São Francisco Valley, Brazil. The experiment was carried out from<br/>January 2019 to July 2020 using seedlings of the Omer and Shelly cultivars,<br/>at six months after transplanting, at a 3×6 m spacing. The experimental<br/>design was randomized complete blocks in a 2×3 factorial arrangement,<br/>corresponding to the two Israeli mango tree cultivars and the number of<br/>branches after formative pruning (three, four, and five branches), with<br/>four replicates. Biometric, biochemical, and photosynthetic variables were<br/>analyzed, differing between the evaluation times after pruning. The Omer<br/>cultivar is more vigorous than Shelly, and formative pruning with three,<br/>four, and five branches is recommended for both mango cultivars under the<br/>cultivation conditions of the São Francisco Valley.<br/><br/><br/>Index terms: Mangifera indica, formative pruning, gas exchange, 'Omer',<br/>'Shelly
520 ## - NOTA DE RESUMO
Nota de conteúdo <br/><br/>Resumo – O objetivo deste trabalho foi avaliar o desempenho adaptativo inicial<br/>de cultivares de mangueiras israelenses cultivadas na região do Submédio do<br/>Vale do São Francisco, Brasil. O experimento foi realizado de janeiro de 2019<br/>a julho de 2020, tendo-se utilizado mudas das cultivares Omer e Shelly, aos<br/>seis meses após o transplante, em espaçamento de 3×6 m. O delineamento<br/>experimental foi em blocos ao acaso, em arranjo fatorial 2×3, correspondente<br/>às duas cultivares de mangueiras israelenses e ao número de ramos após a<br/>poda de formação (três, quatro e cinco ramos), com quatro repetições. Foram<br/>analisadas variáveis biométricas, bioquímicas e fotossintéticas, que diferiram<br/>entre as épocas de avaliação após as podas. A cultivar Omer é mais vigorosa<br/>que a Shelly, e a poda formativa com três, quatro e cinco ramos é recomendada<br/>para ambas as cultivares de manga nas condições de cultivo do Vale do São<br/>Francisco.<br/><br/><br/>Termos para indexação: Mangifera indica, poda de formação, trocas gasosas,<br/>'Omer', 'Shelly
650 ## - ASSUNTO - THESAGRO
Cabeçalho tópico ou nome geográfico MANGA
650 ## - ASSUNTO - THESAGRO
Cabeçalho tópico ou nome geográfico COMPORTAMENTO DE VARIEDADE
650 ## - ASSUNTO - THESAGRO
Cabeçalho tópico ou nome geográfico CONDIÇÃO AMBIENTAL
650 ## - ASSUNTO - THESAGRO
Cabeçalho tópico ou nome geográfico ESPAÇAMENTO
650 ## - ASSUNTO - THESAGRO
Cabeçalho tópico ou nome geográfico PODA DE FORMAÇÃO
650 ## - ASSUNTO - THESAGRO
Cabeçalho tópico ou nome geográfico PRÁTICA CULTURAL
650 ## - ASSUNTO - THESAGRO
Cabeçalho tópico ou nome geográfico TROCA GASOSA
773 0# - ENTRADA ANALÍTICA
Host Biblionumber 920
Registro do item 25804
Imprenta Brasília-DF Empresa Brasileira de Pesquisa Agropecuária - EMBRAPA 1966-
Outro identificador 2023-436359
Título Pesquisa Agropecuária Brasileira (Brazil)
ISSN 0100-204X
Colação v. 58 p. 1-11; (2023)
Número de controle de registro BR2024001113
856 ## - ACESSO E ENDEREÇO ELETRÔNICO
Identificador uniforme de recurso - URI https://www.scielo.br/j/pab/a/48hPbjcKzW3XynPSm9DHrTd/?format=pdf&lang=en

Nenhum exemplar disponível.

BINAGRI

Telefone: (61)3218-2567/2388/3357/2097 - binagri@agro.gov.br

Ministério da Agricultura e Pecuária , Esplanada dos Ministérios, Bloco D, Anexo B, Brasília/DF, CEP: 70.043-900